00321nam a2200133Ia 4500008004100000020001500041041001200056082001600068100001400084245004200098260002700140300000800167650001200175221030s9999 xx 000 0 und d a8172246838 aEnglish a105.23bDob aA. Dobson 0aHow to Manage an Officecby A. Dobson bJaico PubaDelhic1999 a160 aGeneral